000 00425 a2200133 4500
001 88437
082 _aPR 652
090 _c41862
_d41862
100 _aNafees Ul Haq
245 _aStatic pressure drop across wire screens with a view to measure flow rate and comparison with flow rate measurement by orifices
260 _aKarachi
_bUniversity of Karachi
_c1971
300 _a30p.
500 _aBE Project Reports
942 _aUniversity of Karachi
_kPR 652
999 _c323510
_d323510